000
00212nam a2200097Ia 4500
008
190216s9999||||xx |||||||||||||| ||und||
100
_a
Parappurath
245
0
_a
Panitheeratha Veedu
260
_b
Null
942
_c
BK
999
_c
25258
_d
25258